|
|
|
|
| LEADER |
00000cam a2200000 7i4500 |
| 001 |
0000001456 |
| 005 |
20021118093000.0 |
| 008 |
021118n |
| 020 |
|
|
|a 8185044147
|
| 090 |
0 |
0 |
|a HG3284
|b .N3
|
| 110 |
0 |
|
|a Narula, R. K.
|e author
|
| 245 |
0 |
0 |
|a Bank documentation and execution :
|b legal and practical guidelines for loans and advances
|c R. K. Narula
|
| 250 |
|
|
|a 3rd rev. ed.
|
| 260 |
2 |
|
|a New Delhi :
|b UDH Publishers ,
|c 1987
|
| 300 |
|
|
|a 548 p. ; ;
|c 25 cm.
|
| 650 |
|
0 |
|a Banks and banking
|z India
|
| 650 |
|
0 |
|a Banking law
|z India
|
| 999 |
|
|
|a 1000017261
|b Book
|c OPEN SHELF (30 DAYS)
|e Gong Badak Campus
|